| 000 | 00662nam a2200205 a 4500 | ||
|---|---|---|---|
| 999 |
_c7403 _d7403 |
||
| 003 | OSt | ||
| 005 | 20211117132834.0 | ||
| 008 | 900728s1986 sp a b 001 0bcat | ||
| 020 | _a8472562719 | ||
| 040 |
_aDLC _cCDMR _bcat |
||
| 100 | 1 | _aHurtley, Jacqueline. | |
| 245 | 1 | 0 |
_aJosep Janés : _bel combat per la cultura / _cper Jacqueline Hurtley, amb una presentació de Jordi Castellanos |
| 260 |
_aBarcelona: _bCurial, _c1986 |
||
| 300 |
_a378 p.; _c18 cm |
||
| 490 |
_aBiblioteca de cultura catalana; _v60 |
||
| 600 | 1 | 0 | _aJanés, Josep. |
| 650 | 0 |
_aEditors _zCatalunya _xHistòria _93457 |
|
| 650 | 0 |
_aPeriodistes catalans _93139 _vBiografia |
|
| 942 |
_2udc _cMON |
||